[Event "Titled Tuesday intern op 10th Jan Late"]
[Site "Chess.com INT"]
[Date "2023.01.10"]
[Round "1"]
[White "Zierk, Steven C"]
[Black "Wu, Brandon"]
[Result "1-0"]
[WhiteElo "2488"]
[BlackElo "2123"]
[PlyCount "41"]
[EventDate "2023.01.10"]
[EventType "swiss (blitz)"]
[EventRounds "11"]
[EventCountry "USA"]
[SourceTitle "EXT 2024"]
[Source "ChessBase"]
[SourceDate "2023.10.10"]
[SourceVersion "1"]
[SourceVersionDate "2023.10.10"]
[SourceQuality "1"]

1. e4 c6 2. d4 d5 3. e5 c5 4. dxc5 Nc6 5. Bb5 e6 6. Be3 Nge7 7. c3 Bd7 8. Bxc6 Nxc6 9. Nf3 a5 10. 0-0 a4 11. Na3 Ra5 12. b4 axb3 13. axb3 Qa8 14. Nb5 Kd8 15. Nd6 Bxd6 16. cxd6 h6 17. Bb6+ Kc8 18. Bxa5 Nxa5 19. b4 b6 20. bxa5 bxa5 21. Qd4 1-0

[Event "Titled Tuesday intern op 03rd Jan Late"]
[Site "Chess.com INT"]
[Date "2023.01.03"]
[Round "1"]
[White "Wu, Brandon"]
[Black "Vasquez Schroder, Rodrigo Rafael"]
[Result "0-1"]
[WhiteElo "2123"]
[BlackElo "2491"]
[PlyCount "76"]
[EventDate "2023.01.03"]
[EventType "swiss (blitz)"]
[EventRounds "11"]
[EventCountry "USA"]
[SourceTitle "EXT 2024"]
[Source "ChessBase"]
[SourceDate "2023.10.10"]
[SourceVersion "1"]
[SourceVersionDate "2023.10.10"]
[SourceQuality "1"]

1. Nf3 c5 2. g3 b6 3. Bg2 Bb7 4. 0-0 Nf6 5. c4 e6 6. Nc3 a6 7. Re1 d6 8. e4 Be7 9. d4 cxd4 10. Nxd4 Qc7 11. b3 Nbd7 12. Bb2 Rc8 13. Rc1 0-0 14. Na4 Rfd8 15. Qe2 Bf8 16. g4 g6 17. h4 Bg7 18. f3 Nc5 19. Nc3 Nxg4 20. Nxe6 fxe6 21. fxg4 Qe7 22. g5 Rf8 23. Na4 Bxb2 24. Nxb2 e5 25. Na4 Qc7 26. Nc3 Ne6 27. Nd5 Bxd5 28. exd5 Nd4 29. Qe3 Rf4 30. Rf1 Rcf8 31. Rxf4 Rxf4 32. Rf1 Rxh4 33. Bh3 Qe7 34. Kg2 Rf4 35. Rxf4 Qxg5+ 36. Bg4 Qxf4 37. Qxf4 exf4 38. Bd1 Kg7 0-1

[Event "Titled Tuesday intern op 27th Dec Late"]
[Site "Chess.com INT"]
[Date "2022.12.27"]
[Round "1"]
[White "Butolo, Alexandru Mircea"]
[Black "Wu, Brandon"]
[Result "0-1"]
[WhiteElo "2043"]
[BlackElo "2123"]
[PlyCount "68"]
[EventDate "2022.12.27"]
[EventType "swiss (blitz)"]
[EventRounds "11"]
[EventCountry "USA"]
[SourceTitle "EXT 2024"]
[Source "ChessBase"]
[SourceDate "2023.10.10"]
[SourceVersion "1"]
[SourceVersionDate "2023.10.10"]
[SourceQuality "1"]

1. e4 c6 2. Nf3 d5 3. Nc3 Bg4 4. h3 Bxf3 5. Qxf3 e6 6. exd5 cxd5 7. Bb5+ Nc6 8. 0-0 Nf6 9. d3 a6 10. Bxc6+ bxc6 11. Bg5 Be7 12. Ne2 Rb8 13. b3 0-0 14. Nf4 e5 15. Nh5 Nxh5 16. Bxe7 Qxe7 17. Qxh5 f5 18. Qe2 Rbe8 19. Rfe1 Qc5 20. Qd2 f4 21. Rad1 f3 22. d4 exd4 23. g3 Qc3 24. Qxc3 dxc3 25. Rxe8 Rxe8 26. Rd3 d4 27. Rxd4 Re1+ 28. Kh2 Re2 29. Rc4 Rxf2+ 30. Kg1 Rxc2 31. Rxc6 Rc1+ 32. Kf2 c2 33. Rc8+ Kf7 34. Rc7+ Ke6 0-1

[Event "Titled Tuesday intern op 27th Dec Late"]
[Site "Chess.com INT"]
[Date "2022.12.27"]
[Round "9"]
[White "Rian, Kapriaga"]
[Black "Wu, Brandon"]
[Result "1-0"]
[WhiteElo "2089"]
[BlackElo "2123"]
[PlyCount "140"]
[EventDate "2022.12.27"]
[EventType "swiss (blitz)"]
[EventRounds "11"]
[EventCountry "USA"]
[SourceTitle "EXT 2024"]
[Source "ChessBase"]
[SourceDate "2023.10.10"]
[SourceVersion "1"]
[SourceVersionDate "2023.10.10"]
[SourceQuality "1"]

1. d4 Nf6 2. Nf3 g6 3. Bf4 Bg7 4. e3 0-0 5. Be2 c5 6. c3 d5 7. 0-0 Nc6 8. h3 Ne4 9. Nbd2 Nxd2 10. Qxd2 h6 11. Rfd1 Be6 12. dxc5 Qa5 13. b4 Qa3 14. Nd4 a5 15. b5 Nd8 16. c6 bxc6 17. bxc6 Qc5 18. c7 Nc6 19. Rdc1 Ne5 20. Nb5 Nc4 21. Bxc4 Qxc4 22. Rab1 Bd7 23. Qb2 e5 24. Bg3 Ra6 25. Qb3 Bxb5 26. Qxb5 Rc6 27. Qxa5 Rxc7 28. f4 Qd3 29. fxe5 Re7 30. Rd1 Qxe3+ 31. Kh2 Bxe5 32. Bxe5 Qxe5+ 33. Kh1 Rd7 34. c4 Qe2 35. cxd5 Rfd8 36. Rd2 Qe4 37. Rbd1 g5 38. Qc3 Rxd5 39. Rxd5 Rxd5 40. Rxd5 Qxd5 41. Qc2 h5 42. Qe2 h4 43. Kg1 Kg7 44. Kh1 Kg6 45. Kg1 Qd4+ 46. Kh1 f6 47. Kh2 Qd6+ 48. Kh1 f5 49. Kg1 Qd4+ 50. Kh1 g4 51. hxg4 fxg4 52. Qe8+ Kg5 53. Qe7+ Kf4 54. Qxh4 Qa1+ 55. Kh2 Qxa2 56. Qf6+ Ke4 57. Qg6+ Kf4 58. Qf6+ Ke4 59. Kg3 Qb3+ 60. Kxg4 Qg8+ 61. Kh3 Qh7+ 62. Qh4+ Qxh4+ 63. Kxh4 Ke5 64. Kg5 Ke6 65. Kg6 Ke5 66. g4 Kf4 67. g5 Kg4 68. Kf6 Kf4 69. g6 Ke3 70. g7 Kd3 1-0

[Event "Titled Tuesday intern op 27th Dec Late"]
[Site "Chess.com INT"]
[Date "2022.12.27"]
[Round "5"]
[White "Wu, Brandon"]
[Black "Averjanov, Alexey"]
[Result "1-0"]
[WhiteElo "2123"]
[BlackElo "2399"]
[PlyCount "63"]
[EventDate "2022.12.27"]
[EventType "swiss (blitz)"]
[EventRounds "11"]
[EventCountry "USA"]
[SourceTitle "EXT 2024"]
[Source "ChessBase"]
[SourceDate "2023.10.10"]
[SourceVersion "1"]
[SourceVersionDate "2023.10.10"]
[SourceQuality "1"]

1. Nf3 c5 2. g3 Nc6 3. Bg2 g6 4. d4 cxd4 5. Nxd4 Bg7 6. Nb3 Nf6 7. 0-0 h5 8. h4 d6 9. Nc3 Bd7 10. e4 Qc8 11. Nd5 Bh3 12. Bg5 Bxg2 13. Kxg2 Nxd5 14. exd5 Ne5 15. Re1 0-0 16. Bxe7 Re8 17. Bxd6 Nc4 18. Rxe8+ Qxe8 19. Bf4 Qe4+ 20. Qf3 Qxc2 21. Rc1 Qxb2 22. Rxc4 Qxa2 23. d6 Qa6 24. Rc7 Rf8 25. d7 Bf6 26. Rc8 Qb6 27. Bc7 Qc6 28. Qxc6 bxc6 29. Rxf8+ Kxf8 30. d8Q+ Bxd8 31. Bxd8 Ke8 32. Ba5 1-0

[Event "Titled Tuesday intern op 27th Dec Late"]
[Site "Chess.com INT"]
[Date "2022.12.27"]
[Round "3"]
[White "Wu, Brandon"]
[Black "Guevara Sanchez, Erick Marvin"]
[Result "1-0"]
[WhiteElo "2123"]
[BlackElo "2086"]
[PlyCount "73"]
[EventDate "2022.12.27"]
[EventType "swiss (blitz)"]
[EventRounds "11"]
[EventCountry "USA"]
[SourceTitle "EXT 2024"]
[Source "ChessBase"]
[SourceDate "2023.10.10"]
[SourceVersion "1"]
[SourceVersionDate "2023.10.10"]
[SourceQuality "1"]

1. Nf3 e6 2. c4 Nf6 3. g3 d5 4. Bg2 c6 5. 0-0 dxc4 6. Qc2 b5 7. a4 Bb7 8. b3 cxb3 9. Qxb3 Qd7 10. Ne5 Qc7 11. Bb2 Bd6 12. d4 a6 13. Rc1 Bxe5 14. dxe5 Nd5 15. Bxd5 exd5 16. Qxd5 0-0 17. Ba3 Rd8 18. Bd6 Qb6 19. Qb3 Nd7 20. a5 Qa7 21. Nc3 c5 22. Nd5 c4 23. Ne7+ Kh8 24. Qc2 Nc5 25. Qf5 Rf8 26. Rd1 Be4 27. Qh5 Nb3 28. Ra3 Rae8 29. Qh4 Bc2 30. Rd5 Qb7 31. e3 b4 32. e6 bxa3 33. exf7 Rxf7 34. Ng6+ Kg8 35. Ne7+ Rfxe7 36. Qxc4 Nd2 37. Rxd2+ 1-0

[Event "Titled Tuesday intern op 19th Jul Early"]
[Site "Chess.com INT"]
[Date "2022.07.19"]
[Round "3"]
[White "Wu, Brandon"]
[Black "Ambartsumova, Karina"]
[Result "0-1"]
[WhiteElo "2123"]
[BlackElo "2386"]
[PlyCount "72"]
[EventDate "2022.07.19"]
[EventType "swiss (blitz)"]
[EventRounds "11"]
[EventCountry "USA"]
[SourceTitle "EXT 2023"]
[Source "ChessBase"]
[SourceDate "2022.10.05"]
[SourceVersion "1"]
[SourceVersionDate "2022.10.05"]
[SourceQuality "1"]

1. Nf3 Nf6 2. c4 g6 3. g3 Bg7 4. Bg2 0-0 5. 0-0 d6 6. d4 c6 7. Nc3 Bf5 8. Ne1 d5 9. cxd5 cxd5 10. Qb3 Nc6 11. e3 e6 12. Qxb7 Na5 13. Qb5 Rb8 14. Qa4 Qb6 15. b3 Rfc8 16. Bd2 Nc6 17. Qa3 Bf8 18. Qb2 Nb4 19. a3 Nd3 20. Nxd3 Bxd3 21. Rfc1 Qxb3 22. Qxb3 Rxb3 23. Bf1 Bxf1 24. Kxf1 Bxa3 25. Rc2 Ne4 26. Nxe4 Rxc2 27. Nf6+ Kg7 28. Ne8+ Kf8 29. Rxa3 Rxa3 30. Bb4+ Kxe8 31. Bxa3 a5 32. Ke1 a4 33. Kd1 Rxf2 34. h4 Kd7 35. Bc5 Kc6 36. Ke1 Rg2 0-1

[Event "Titled Tuesday intern op 19th Jul Early"]
[Site "Chess.com INT"]
[Date "2022.07.19"]
[Round "6"]
[White "Wu, Brandon"]
[Black "Tinmaz, Kerem"]
[Result "1-0"]
[WhiteElo "2123"]
[BlackElo "2325"]
[PlyCount "63"]
[EventDate "2022.07.19"]
[EventType "swiss (blitz)"]
[EventRounds "11"]
[EventCountry "USA"]
[SourceTitle "EXT 2023"]
[Source "ChessBase"]
[SourceDate "2022.10.05"]
[SourceVersion "1"]
[SourceVersionDate "2022.10.05"]
[SourceQuality "1"]

1. Nf3 d5 2. c4 c6 3. g3 Nf6 4. Bg2 Bf5 5. 0-0 e6 6. b3 Be7 7. Bb2 0-0 8. d4 Nbd7 9. Nbd2 h6 10. Ne5 Nxe5 11. dxe5 Nd7 12. e4 dxe4 13. Nxe4 Bxe4 14. Bxe4 Nc5 15. Bc2 Qxd1 16. Rfxd1 Rfd8 17. b4 Na6 18. a3 Nc7 19. Be4 Rxd1+ 20. Rxd1 Rd8 21. Rxd8+ Bxd8 22. Bd4 a6 23. Bb6 Kf8 24. b5 axb5 25. cxb5 cxb5 26. Bxb7 Ke7 27. Bc6 f6 28. f4 fxe5 29. fxe5 Nd5 30. Bxd8+ Kxd8 31. Bxb5 Kc7 32. Kf2 1-0

[Event "Titled Tuesday intern op 30th June"]
[Site "Chess.com INT"]
[Date "2020.06.30"]
[Round "2"]
[White "Cardoso Cardoso, Jose Gabriel"]
[Black "Wu, Brandon"]
[Result "1-0"]
[WhiteElo "2414"]
[BlackElo "2123"]
[PlyCount "97"]
[EventDate "2020.06.30"]
[EventType "swiss (blitz)"]
[EventRounds "10"]
[EventCountry "USA"]
[SourceTitle "CBM 197 Extra"]
[Source "ChessBase"]
[SourceDate "2020.09.30"]
[SourceVersion "1"]
[SourceVersionDate "2020.09.30"]
[SourceQuality "1"]

1. Nf3 Nf6 2. b3 c5 3. Bb2 Nc6 4. g3 g6 5. Bg2 Bg7 6. 0-0 0-0 7. c4 d5 8. cxd5 Nxd5 9. Bxg7 Kxg7 10. d4 cxd4 11. Nxd4 Nxd4 12. Qxd4+ Nf6 13. Rd1 Qb6 14. Qxb6 axb6 15. Nc3 Rb8 16. Na4 b5 17. Nb6 Bf5 18. f3 Rfd8 19. e4 Be6 20. f4 Nd7 21. Nxd7 Bxd7 22. Rd2 Bc6 23. Rad1 Rxd2 24. Rxd2 Rc8 25. Kf2 Kf8 26. Ke3 e6 27. Rc2 Rd8 28. Bf3 Ke7 29. e5 Bxf3 30. Rc7+ Rd7 31. Rxd7+ Kxd7 32. Kxf3 Kc6 33. Ke4 Kc5 34. a3 b6 35. g4 h6 36. h4 Kc6 37. Kd4 h5 38. gxh5 gxh5 39. Kd3 Kd5 40. b4 Kc6 41. Ke4 Kd7 42. f5 exf5+ 43. Kxf5 Ke7 44. Kg5 Ke6 45. Kxh5 Kxe5 46. Kg5 f6+ 47. Kg6 f5 48. h5 f4 49. h6 1-0

[Event "Titled Tuesday intern op 30th June"]
[Site "Chess.com INT"]
[Date "2020.06.30"]
[Round "6"]
[White "Iljiushenok, Ilia"]
[Black "Wu, Brandon"]
[Result "1-0"]
[WhiteElo "2516"]
[BlackElo "2123"]
[PlyCount "47"]
[EventDate "2020.06.30"]
[EventType "swiss (blitz)"]
[EventRounds "10"]
[EventCountry "USA"]
[SourceTitle "CBM 197 Extra"]
[Source "ChessBase"]
[SourceDate "2020.09.30"]
[SourceVersion "1"]
[SourceVersionDate "2020.09.30"]
[SourceQuality "1"]

1. e4 e5 2. Nf3 Nc6 3. d4 exd4 4. Nxd4 Nf6 5. Nxc6 bxc6 6. e5 Qe7 7. Qe2 Nd5 8. c4 Nb6 9. b3 g6 10. Bb2 Bg7 11. Nd2 a5 12. Ne4 0-0 13. Nf6+ Kh8 14. 0-0-0 a4 15. h4 axb3 16. axb3 d6 17. h5 Bh6+ 18. Rd2 Bxd2+ 19. Qxd2 Nd7 20. exd6 Qxf6 21. Bxf6+ Nxf6 22. Qc3 gxh5 23. Qxf6+ Kg8 24. Rxh5 1-0

[Event "Titled Tuesday intern op 30th June"]
[Site "Chess.com INT"]
[Date "2020.06.30"]
[Round "3"]
[White "Wu, Brandon"]
[Black "Kett, Timothy"]
[Result "1-0"]
[WhiteElo "2123"]
[BlackElo "2178"]
[PlyCount "75"]
[EventDate "2020.06.30"]
[EventType "swiss (blitz)"]
[EventRounds "10"]
[EventCountry "USA"]
[SourceTitle "CBM 197 Extra"]
[Source "ChessBase"]
[SourceDate "2020.09.30"]
[SourceVersion "1"]
[SourceVersionDate "2020.09.30"]
[SourceQuality "1"]

1. c4 e6 2. Nf3 d5 3. g3 c5 4. Bg2 Nc6 5. d4 cxd4 6. Nxd4 Nf6 7. 0-0 Bc5 8. Nb3 Bb6 9. cxd5 exd5 10. Bg5 0-0 11. Nc3 h6 12. Bxf6 Qxf6 13. Bxd5 Bh3 14. Bg2 Rad8 15. Nd5 Qf5 16. e4 Qc8 17. Qh5 Bxg2 18. Kxg2 Rfe8 19. Rfe1 Re5 20. Qxe5 Nxe5 21. Ne7+ Kh7 22. Nxc8 Rxc8 23. Rac1 Rd8 24. Re2 Nd3 25. Rc4 a5 26. Rd2 Ne1+ 27. Kf1 Rxd2 28. Nxd2 Nd3 29. Ke2 Nxb2 30. Rc8 Bd4 31. Nb3 Bf6 32. Nxa5 b5 33. Rc5 Na4 34. Rc6 Nc3+ 35. Kd3 Nxa2 36. Rb6 b4 37. Nb3 Bc3 38. Ra6 1-0

[Event "Titled Tuesday intern op 16th June"]
[Site "Chess.com INT"]
[Date "2020.06.16"]
[Round "4"]
[White "Turgut, Tansel"]
[Black "Wu, Brandon"]
[Result "0-1"]
[WhiteElo "2211"]
[BlackElo "2123"]
[PlyCount "72"]
[EventDate "2020.06.16"]
[EventType "swiss (blitz)"]
[EventRounds "10"]
[EventCountry "USA"]
[SourceTitle "EXT 2021"]
[Source "ChessBase"]
[SourceDate "2020.10.23"]
[SourceVersion "1"]
[SourceVersionDate "2020.10.23"]
[SourceQuality "1"]

1. d4 Nf6 2. Nf3 g6 3. Bg5 Ne4 4. Bf4 d5 5. Nbd2 Bg7 6. e3 c5 7. c3 Nxd2 8. Qxd2 0-0 9. Bd3 Nc6 10. h3 f6 11. Bc2 Be6 12. dxc5 Bf7 13. b4 e5 14. Bh2 f5 15. b5 e4 16. bxc6 exf3 17. cxb7 fxg2 18. Rg1 Qa5 19. bxa8Q Rxa8 20. Bd6 Bxc3 21. Rd1 Bxd2+ 22. Rxd2 d4 23. Rxg2 Re8 24. Kd1 Qxa2 25. Rg3 Qa1+ 26. Ke2 Bc4+ 27. Bd3 Bxd3+ 28. Rxd3 Qb2+ 29. Kf3 dxe3 30. Rxe3 Rxe3+ 31. fxe3 Qc2 32. Rg2 Qd1+ 33. Kf2 Kf7 34. Rg1 Qc2+ 35. Kf3 a5 36. Ra1 a4 0-1

[Event "Titled Tuesday intern op 5th May"]
[Site "Chess.com INT"]
[Date "2020.05.05"]
[Round "4"]
[White "Pavlov, Danila"]
[Black "Wu, Brandon"]
[Result "0-1"]
[WhiteElo "2348"]
[BlackElo "2123"]
[PlyCount "120"]
[EventDate "2020.05.05"]
[EventType "swiss (blitz)"]
[EventRounds "10"]
[EventCountry "USA"]
[SourceTitle "EXT 2021"]
[Source "ChessBase"]
[SourceDate "2020.10.23"]
[SourceVersion "1"]
[SourceVersionDate "2020.10.23"]
[SourceQuality "1"]

1. e4 e5 2. Nf3 Nc6 3. Bb5 a6 4. Bxc6 dxc6 5. 0-0 Bg4 6. h3 h5 7. d3 Qf6 8. Be3 Bxf3 9. Qxf3 Qxf3 10. gxf3 0-0-0 11. Nd2 Bd6 12. Rfb1 Ne7 13. b4 g5 14. Kf1 Rhg8 15. Ke2 g4 16. fxg4 hxg4 17. hxg4 Rxg4 18. a4 f6 19. b5 cxb5 20. axb5 axb5 21. Rxb5 b6 22. c3 Nc6 23. d4 exd4 24. cxd4 Bb4 25. Ra8+ Kd7 26. Rxd8+ Kxd8 27. Kf3 Rh4 28. Nc4 Bc3 29. Ke2 Ke7 30. Kd3 Be1 31. Rb1 Ba5 32. d5 Nb4+ 33. Ke2 Rxe4 34. Nxa5 bxa5 35. Ra1 Nxd5 36. Rxa5 Ke6 37. Kd3 Rh4 38. Ra6+ Ke5 39. Bc5 Rh3+ 40. Ke2 Rc3 41. Ba3 Rc2+ 42. Kf3 f5 43. Ra4 c5 44. Ra5 c4 45. Bf8 Rc3+ 46. Ke2 Ke4 47. Bg7 Nf4+ 48. Kd2 Rd3+ 49. Ke1 Rb3 50. Ra4 Kd3 51. Ra1 c3 52. Rd1+ Kc2 53. f3 Nd3+ 54. Ke2 Nc1+ 55. Ke1 Nd3+ 56. Ke2 Nf4+ 57. Ke1 Rb7 58. Rd4 Nd3+ 59. Ke2 Nc1+ 60. Kf2 Rxg7 0-1

[Event "Titled Tuesday intern op 28th Apr"]
[Site "Chess.com INT"]
[Date "2020.04.28"]
[Round "3"]
[White "Henderson de la Fuente, Lance"]
[Black "Wu, Brandon"]
[Result "1-0"]
[WhiteElo "2491"]
[BlackElo "2123"]
[PlyCount "79"]
[EventDate "2020.04.28"]
[EventType "swiss (blitz)"]
[EventRounds "10"]
[EventCountry "USA"]
[SourceTitle "EXT 2021"]
[Source "ChessBase"]
[SourceDate "2020.10.23"]
[SourceVersion "1"]
[SourceVersionDate "2020.10.23"]
[SourceQuality "1"]

1. d4 Nf6 2. Nf3 g6 3. Nbd2 d5 4. b4 Bg7 5. e3 0-0 6. Be2 a5 7. b5 a4 8. Ba3 c6 9. c4 Ne4 10. Nxe4 dxe4 11. Nd2 f5 12. 0-0 Re8 13. Rb1 e5 14. d5 Bf8 15. Bb2 cxb5 16. cxb5 b6 17. Nc4 Bb7 18. Nxe5 Bxd5 19. Qc2 Bg7 20. Rfd1 Bxe5 21. Rxd5 Qf6 22. Rxe5 Rxe5 23. Qc8+ Kf7 24. Qb7+ Re7 25. Qxa8 Qd6 26. Rd1 Qb4 27. Qxb8 Qxb2 28. Bc4+ Kg7 29. Qxb6 Kh6 30. g3 Qc2 31. Qd4 Rc7 32. Bf1 Rb7 33. Rd2 Qb1 34. Kg2 Rc7 35. Rd1 Qxa2 36. Qe5 Rc2 37. Qf4+ g5 38. Rd6+ Kh5 39. Qxf5 a3 40. Qh3# 1-0

[Event "Titled Tuesday intern op 28th Apr"]
[Site "Chess.com INT"]
[Date "2020.04.28"]
[Round "8"]
[White "Petrosyan, Tigran S"]
[Black "Wu, Brandon"]
[Result "1-0"]
[WhiteElo "2448"]
[BlackElo "2123"]
[PlyCount "137"]
[EventDate "2020.04.28"]
[EventType "swiss (blitz)"]
[EventRounds "10"]
[EventCountry "USA"]
[SourceTitle "EXT 2021"]
[Source "ChessBase"]
[SourceDate "2020.10.23"]
[SourceVersion "1"]
[SourceVersionDate "2020.10.23"]
[SourceQuality "1"]

1. Nf3 Nf6 2. c4 g6 3. Nc3 d5 4. cxd5 Nxd5 5. Qb3 Nb6 6. d4 Bg7 7. Bf4 c6 8. e3 Be6 9. Qa3 0-0 10. Be2 h6 11. 0-0 Nc4 12. Qa4 b5 13. Qc2 Nd7 14. Rfd1 Ndb6 15. b3 Nd6 16. Rac1 Nd5 17. Nxd5 cxd5 18. Bxd6 Qxd6 19. Bxb5 Rfc8 20. Qb2 Rab8 21. Be2 a5 22. Rxc8+ Bxc8 23. Qc3 a4 24. bxa4 Ba6 25. Bxa6 Qxa6 26. Qc7 Qb7 27. Qxb7 Rxb7 28. Kf1 Rb2 29. Rd2 Rb4 30. Rc2 Rxa4 31. Ke2 e6 32. Nd2 Bf8 33. Nb3 Kg7 34. Nc5 Ra7 35. Kd2 Kf6 36. Kc1 Bd6 37. g3 e5 38. dxe5+ Kxe5 39. Nb3 Ba3+ 40. Kd2 Bb4+ 41. Ke2 f5 42. Nd4 Rb7 43. Nc6+ Kd6 44. Nxb4 Rxb4 45. a3 Ra4 46. Ra2 Ke5 47. Kd3 d4 48. exd4+ Rxd4+ 49. Kc3 Ra4 50. Kb3 Ra8 51. f3 Kf6 52. a4 Rb8+ 53. Kc4 Rc8+ 54. Kd5 Rd8+ 55. Kc6 Rc8+ 56. Kd7 Rc1 57. a5 Rd1+ 58. Kc6 Rc1+ 59. Kd5 Rd1+ 60. Kc4 Rc1+ 61. Kb4 Rb1+ 62. Ka4 Ke6 63. a6 Rb8 64. a7 Ra8 65. Kb5 Kd7 66. Kb6 Kc8 67. Rc2+ Kd7 68. Kb7 Rxa7+ 69. Kxa7 1-0

[Event "Titled Tuesday intern op 28th Apr"]
[Site "Chess.com INT"]
[Date "2020.04.28"]
[Round "4"]
[White "Wu, Brandon"]
[Black "Lu, Jason"]
[Result "0-1"]
[WhiteElo "2123"]
[BlackElo "2024"]
[PlyCount "50"]
[EventDate "2020.04.28"]
[EventType "swiss (blitz)"]
[EventRounds "10"]
[EventCountry "USA"]
[SourceTitle "EXT 2021"]
[Source "ChessBase"]
[SourceDate "2020.10.23"]
[SourceVersion "1"]
[SourceVersionDate "2020.10.23"]
[SourceQuality "1"]

1. Nf3 Nf6 2. c4 g6 3. g3 Bg7 4. Bg2 d6 5. d4 0-0 6. 0-0 c5 7. Nc3 Nc6 8. d5 Na5 9. Nd2 a6 10. e4 Rb8 11. a4 Bd7 12. Qe2 Qc7 13. b3 b5 14. axb5 axb5 15. cxb5 Ng4 16. Bb2 Bh6 17. Nc4 Nxb3 18. b6 Rxb6 19. Nxb6 Qxb6 20. Ra6 Qb4 21. Rb1 Nd2 22. Ra7 Nxb1 23. Nxb1 Bb5 24. Qc2 Qe1+ 25. Bf1 Qxf1# 0-1

[Event "Titled Tuesday intern op 21st April"]
[Site "Chess.com INT"]
[Date "2020.04.21"]
[Round "8"]
[White "Hakemi, Arman"]
[Black "Wu, Brandon"]
[Result "1-0"]
[WhiteElo "2316"]
[BlackElo "2123"]
[PlyCount "71"]
[EventDate "2020.04.21"]
[EventType "swiss (blitz)"]
[EventRounds "10"]
[EventCountry "USA"]
[SourceTitle "EXT 2021"]
[Source "ChessBase"]
[SourceDate "2020.10.23"]
[SourceVersion "1"]
[SourceVersionDate "2020.10.23"]
[SourceQuality "1"]

1. Nf3 Nf6 2. b3 c5 3. Bb2 Nc6 4. e3 g6 5. c4 Bg7 6. Be2 0-0 7. 0-0 d5 8. cxd5 Qxd5 9. d4 cxd4 10. Nxd4 Nxd4 11. Bxd4 Rd8 12. Bf3 Qa5 13. Qc2 Bf5 14. Qb2 Rab8 15. Nd2 Rbc8 16. Nc4 Qa6 17. Rac1 b6 18. Ne5 Be4 19. Bxe4 Nxe4 20. Nc6 Bxd4 21. Nxe7+ Kf8 22. exd4 Kxe7 23. Rce1 Qd3 24. Qa3+ Kd7 25. Qxa7+ Rc7 26. Qxb6 Nd6 27. Re3 Qc2 28. Rfe1 Nf5 29. Re5 Qc6 30. Qb4 Qd6 31. Qb5+ Kc8 32. Re8 Qc6 33. Rxd8+ Kxd8 34. Qe5 Qd7 35. Qh8+ Qe8 36. Qxe8# 1-0

[Event "Titled Tuesday intern op 14th April"]
[Site "Chess.com INT"]
[Date "2020.04.14"]
[Round "2"]
[White "Wu, Brandon"]
[Black "Kanyamarala, Trisha"]
[Result "1-0"]
[WhiteElo "2123"]
[BlackElo "2201"]
[PlyCount "45"]
[EventDate "2020.04.14"]
[EventType "swiss (blitz)"]
[EventRounds "10"]
[EventCountry "USA"]
[SourceTitle "EXT 2021"]
[Source "ChessBase"]
[SourceDate "2020.10.23"]
[SourceVersion "1"]
[SourceVersionDate "2020.10.23"]
[SourceQuality "1"]

1. Nf3 d5 2. c4 c6 3. d4 e6 4. g3 dxc4 5. Bg2 b5 6. a4 Bb7 7. Ne5 a6 8. e3 Bd6 9. Qg4 g6 10. 0-0 Ne7 11. Nc3 0-0 12. e4 f5 13. Qh4 Nd7 14. Bg5 Re8 15. exf5 exf5 16. Nxc6 Bxc6 17. Bxc6 Rc8 18. Bd5+ Kg7 19. axb5 Qc7 20. Qh6+ Kh8 21. Be6 axb5 22. Bxd7 Qxd7 23. Bf6+ 1-0

[Event "Titled Tuesday intern op 3rd Jan"]
[Site "Chess.com INT"]
[Date "2019.12.03"]
[Round "2"]
[White "Wu, Brandon"]
[Black "Filali, Razzouki Marouan"]
[Result "0-1"]
[WhiteElo "2123"]
[BlackElo "2252"]
[PlyCount "90"]
[EventDate "2019.12.03"]
[EventType "swiss (blitz)"]
[EventRounds "10"]
[EventCountry "USA"]
[SourceTitle "EXT 2021"]
[Source "ChessBase"]
[SourceDate "2020.10.23"]
[SourceVersion "1"]
[SourceVersionDate "2020.10.23"]
[SourceQuality "1"]

1. Nf3 c6 2. c4 d5 3. d4 Nf6 4. g3 g6 5. Bg2 Bg7 6. 0-0 0-0 7. Nc3 h6 8. Ne5 Kh7 9. cxd5 cxd5 10. b4 Nc6 11. Nxc6 bxc6 12. Na4 a5 13. a3 axb4 14. axb4 Ne4 15. Bb2 f5 16. Bxe4 dxe4 17. Nc5 Rxa1 18. Qxa1 f4 19. Nxe4 f3 20. exf3 Rxf3 21. Re1 Bh3 22. Qd1 Rf5 23. Qd3 Qd5 24. f3 e5 25. Rd1 exd4 26. Bxd4 Bxd4+ 27. Qxd4 Rxf3 28. Qxd5 cxd5 29. Nf2 Be6 30. Kg2 Rb3 31. Re1 Bf7 32. Re7 Kg8 33. Rb7 d4 34. Rb8+ Kg7 35. b5 Kf6 36. b6 Bd5+ 37. Kh3 d3 38. Rd8 Ke5 39. b7 Bxb7 40. Nxd3+ Kf6 41. Nc5 Rb5 42. Rd6+ Kf5 43. Ne6 Rb2 44. Ng7+ Kg5 45. g4 Rb3+ 0-1

[Event "Titled Tuesday intern op 5th Nov"]
[Site "Chess.com INT"]
[Date "2019.11.05"]
[Round "2"]
[White "Baryshpolets, Andrey"]
[Black "Wu, Brandon"]
[Result "1-0"]
[WhiteElo "2564"]
[BlackElo "2123"]
[PlyCount "61"]
[EventDate "2019.11.05"]
[EventType "swiss (blitz)"]
[EventRounds "10"]
[EventCountry "USA"]
[SourceTitle "EXT 2021"]
[Source "ChessBase"]
[SourceDate "2020.10.23"]
[SourceVersion "1"]
[SourceVersionDate "2020.10.23"]
[SourceQuality "1"]

1. d4 Nf6 2. c4 g6 3. Nc3 d5 4. cxd5 Nxd5 5. e4 Nxc3 6. bxc3 Bg7 7. Nf3 c5 8. Be3 0-0 9. Rc1 Qa5 10. Qd2 Rd8 11. Be2 Na6 12. d5 b5 13. 0-0 Bd7 14. a4 bxa4 15. Bxa6 Qxa6 16. Bxc5 e6 17. Bd4 exd5 18. exd5 f6 19. c4 Bg4 20. Qf4 Bxf3 21. Qxf3 Rab8 22. Rfd1 a3 23. c5 Rbc8 24. c6 Qa4 25. Bc5 a2 26. Be7 f5 27. Bxd8 a1Q 28. Rxa1 Bxa1 29. c7 Be5 30. d6 Qc2 31. Qd3 1-0

[Event "Titled Tuesday intern op 5th Nov"]
[Site "Chess.com INT"]
[Date "2019.11.05"]
[Round "10"]
[White "Wu, Brandon"]
[Black "Djukic, Nikola"]
[Result "0-1"]
[WhiteElo "2123"]
[BlackElo "2507"]
[PlyCount "52"]
[EventDate "2019.11.05"]
[EventType "swiss (blitz)"]
[EventRounds "10"]
[EventCountry "USA"]
[SourceTitle "EXT 2021"]
[Source "ChessBase"]
[SourceDate "2020.10.23"]
[SourceVersion "1"]
[SourceVersionDate "2020.10.23"]
[SourceQuality "1"]

1. Nf3 Nf6 2. c4 g6 3. g3 Bg7 4. Bg2 0-0 5. 0-0 d6 6. d4 Nc6 7. Nc3 e5 8. d5 Nb8 9. Ne1 a5 10. Nd3 Na6 11. e4 Nd7 12. f4 exf4 13. Bxf4 Nac5 14. Nxc5 Nxc5 15. Qd2 Qe7 16. Rae1 Bd7 17. Bh6 Bxh6 18. Qxh6 f6 19. Qd2 Rae8 20. Bf3 Kg7 21. Kg2 Qe5 22. Re2 a4 23. Rfe1 h5 24. Nd1 Rh8 25. h3 h4 26. g4 Qg3+ 0-1